Lejos de las alambradas: diario de un prisionero en Siberia

Gardado en:
Detalles Bibliográficos
Autor Principal: Dwinger, Edwin Erich (Author)
Formato: Libro
Idioma:Lingua castelá
Publicado: Madrid Espasa-Calpe 1930
Edición:2a. ed
Subjects:
Tags: Engadir etiqueta
Sen Etiquetas, Sexa o primeiro en etiquetar este rexistro!

MARC

LEADER 00000nam a2200000 a 4500
001 UCP7545
003 CL-VaPUC
008 991217e19300000SP |||||||||||||||||spa|d
082 0 4 |a 833  |b DWI  |2 21 
100 0 |a Dwinger, Edwin Erich  |e author  |9 436978 
245 1 0 |a Lejos de las alambradas: diario de un prisionero en Siberia 
250 |a 2a. ed 
300 |a 366 p 
942 |c BK 
945 |d 19991217 00:00:00  |a rherrera 
260 |a Madrid  |b Espasa-Calpe  |c 1930 
650 0 |a Literatura alemana   |9 265457 
650 0 |a Novelas alemanas   |9 265783 
583 |a last modification  |c 20120830 11:05:16  |k Rodrigo Vera 
999 |c 284668  |d 284666 
952 |0 0  |1 0  |4 0  |6 833_000000000000000_DWI_1930  |7 0  |8 X  |9 328839  |a BIBHIS  |b BIBHIS  |d 2019-11-20  |i 1378929  |o 833 DWI 1930  |p 1378929  |r 2024-01-30  |w 2019-11-20  |y BK_X  |k HIS